[Event "BL 0607 SC Kreuzberg - Werder Bremen"]
[Site "?"]
[Date "2007.02.03"]
[Round "8.7"]
[White "Fish, Gennadij"]
[Black "Volke, Karsten"]
[Result "1/2-1/2"]
[WhiteElo "2529"]
[BlackElo "2478"]
[PlyCount "81"]
[EventDate "2007.??.??"]

1. Nf3 Nf6 2. c4 b6 3. d4 e6 4. a3 Bb7 5. e3 c5 6. Bd3 g6 7. Nc3 Bg7 8. O-O O-O
9. e4 cxd4 10. Nxd4 d6 11. Qe2 Nbd7 12. Rd1 a6 13. Be3 Nc5 14. f3 Nxd3 15. Qxd3
Nd7 16. Rac1 Re8 17. Qd2 Rc8 18. Nde2 Ne5 19. b3 Bf8 20. Na4 b5 21. cxb5 axb5
22. Rxc8 Qxc8 23. Nb6 Qb8 24. Qa5 d5 25. Qxb5 Bc6 26. Qa5 dxe4 27. Bf4 exf3 28.
Nd4 f2+ 29. Kf1 Bd5 30. Nxd5 exd5 31. Qxd5 Nd3 32. Rxd3 Qxf4 33. Nf3 Bxa3 34.
Kxf2 Rc8 35. Rd2 Bc5+ 36. Kf1 Bb4 37. Rd1 Bf8 38. Qd4 Qf5 39. Qd5 Qf4 40. Qd4
Qf5 41. Qd5 1/2-1/2

[Event "BL 0607 SC Kreuzberg - Werder Bremen"]
[Site "?"]
[Date "2007.02.03"]
[Round "8.8"]
[White "Loeffler, Stefan"]
[Black "Knaak, Rainer"]
[Result "1/2-1/2"]
[WhiteElo "2448"]
[BlackElo "2486"]
[PlyCount "54"]
[EventDate "2007.??.??"]

1. Nf3 d5 2. d4 Nf6 3. c4 e6 4. Bg5 h6 5. Bxf6 Qxf6 6. g3 Nd7 7. Bg2 c6 8. O-O
g6 9. Nc3 Bg7 10. cxd5 exd5 11. e4 dxe4 12. Nxe4 Qe7 13. Re1 O-O 14. d5 Qb4 15.
dxc6 bxc6 16. Nd6 Nb6 17. Ne5 Bxe5 18. Rxe5 Bg4 19. a3 Qxb2 20. Qe1 Rad8 21.
Rb1 Qxa3 22. Ne8 Nd7 23. Re3 Qa6 24. Bf1 Qc8 25. Nd6 Qc7 26. Ne8 Qc8 27. Nd6
Qc7 1/2-1/2

[Event "BL 0607 SK König-Tegel - Hamburger SK"]
[Site "?"]
[Date "2007.02.03"]
[Round "8.1"]
[White "Wojtaszek, Radoslav"]
[Black "Rabiega, Robert"]
[Result "1-0"]
[WhiteElo "2630"]
[BlackElo "2529"]
[PlyCount "142"]
[EventDate "2007.??.??"]

1. d4 d5 2. c4 e6 3. Nf3 Nf6 4. g3 dxc4 5. Bg2 a6 6. O-O Nc6 7. e3 Nd5 8. Qe2
Nb6 9. Nbd2 Na5 10. Ne5 g6 11. b3 cxb3 12. Bb2 f6 13. axb3 Bb4 14. Nd3 Bxd2 15.
Ra3 Nc6 16. Qxd2 O-O 17. Bxc6 bxc6 18. Ra5 Nd7 19. Qc2 Re8 20. h4 Qe7 21. h5
Bb7 22. hxg6 hxg6 23. Nc5 Nxc5 24. Qxg6+ Qg7 25. Qxg7+ Kxg7 26. Rxc5 Kf7 27.
Kg2 Rad8 28. e4 Ba8 29. Bc3 Rb8 30. b4 Rb5 31. Rh1 Kg6 32. g4 Rxc5 33. bxc5 f5
34. Bd2 fxe4 35. Bf4 e5 36. dxe5 Bb7 37. Kg3 a5 38. Rh6+ Kg7 39. g5 Bc8 40.
Rxc6 Re7 41. g6 Be6 42. Bg5 Bd5 43. Ra6 Re6 44. Rxa5 Rxe5 45. Bf4 Re6 46. Bxc7
Kxg6 47. Bf4 Kf5 48. Be3 Rg6+ 49. Kh4 Bc6 50. Ra7 Ke5 51. Kh5 Rg2 52. Kh4 Kd5
53. Ra1 Bb5 54. Rd1+ Bd3 55. Kh3 Rg6 56. f4 Rg8 57. Kh4 Ke6 58. Rc1 Rc8 59. Kg3
Rg8+ 60. Kf2 Rh8 61. Bd4 Rh3 62. c6 Rh2+ 63. Kg3 Rc2 64. Rxc2 Bxc2 65. Be5 Ba4
66. c7 Kd7 67. Kf2 Bc6 68. Ke3 Bb7 69. f5 Ke7 70. Kf4 Kf7 71. Bd4 Ke7 1-0

[Event "BL 0607 SK König-Tegel - Hamburger SK"]
[Site "?"]
[Date "2007.02.03"]
[Round "8.2"]
[White "Stern, Rene"]
[Black "Gustafsson, Jan"]
[Result "1/2-1/2"]
[WhiteElo "2476"]
[BlackElo "2584"]
[PlyCount "37"]
[EventDate "2007.??.??"]

1. d4 Nf6 2. c4 e6 3. Nc3 Bb4 4. Qb3 c5 5. dxc5 Nc6 6. Bg5 h6 7. Bxf6 Qxf6 8.
Nf3 Bxc5 9. e3 Bb4 10. Rc1 b6 11. Be2 Bb7 12. O-O Bxc3 13. Rxc3 O-O 14. Rd1
Rfd8 15. Qa3 Ne7 16. Qd6 Rac8 17. Qa3 Ra8 18. Qd6 Rac8 19. Qa3 1/2-1/2

[Event "BL 0607 SK König-Tegel - Hamburger SK"]
[Site "?"]
[Date "2007.02.03"]
[Round "8.3"]
[White "Ftacnik, Lubomir"]
[Black "Muse, Mladen"]
[Result "0-1"]
[WhiteElo "2580"]
[BlackElo "2443"]
[PlyCount "162"]
[EventDate "2007.??.??"]

1. d4 Nf6 2. Nf3 g6 3. c4 Bg7 4. Nc3 O-O 5. e4 d6 6. Be2 Na6 7. O-O e5 8. Re1
c6 9. Bf1 exd4 10. Nxd4 Qb6 11. Na4 Qc7 12. Bf4 Nh5 13. Be3 Nc5 14. Nc3 Nf6 15.
f3 a5 16. Qd2 a4 17. Nc2 Rd8 18. Red1 Be6 19. Qf2 Nfd7 20. Bd4 f6 21. Rab1 Bf7
22. b4 axb3 23. axb3 Qb8 24. Kh1 Ne6 25. Be3 Ndc5 26. Qd2 Qc7 27. g3 Qe7 28.
Bg2 f5 29. exf5 gxf5 30. Nd4 Qf6 31. Nce2 f4 32. gxf4 Bg6 33. f5 Bxf5 34. Nxf5
Qxf5 35. Ng3 Qe5 36. f4 Qc3 37. Qe2 Re8 38. Bd2 Qc2 39. Qh5 Nd4 40. f5 Nd3 41.
f6 Re5 42. Qh4 Nf2+ 43. Kg1 Nxd1 44. Qg4 Qg6 45. Qxg6 hxg6 46. fxg7 Ne3 47. Bc3
Nef5 48. Bb2 Nxg3 49. hxg3 c5 50. Bxb7 Rb8 51. Bxd4 cxd4 52. Bc6 Re3 53. b4
Kxg7 54. b5 Rxg3+ 55. Kf2 Rc3 56. Bd5 Rf8+ 57. Kg2 Re8 58. b6 Rc2+ 59. Kf3 d3
60. b7 d2 61. Rd1 Rb2 62. Bc6 Rh8 63. Ke3 Rh3+ 64. Ke4 Rhb3 65. Bb5 Rxb5 66.
cxb5 Rxb5 67. Rxd2 Rxb7 68. Rxd6 Rf7 69. Ke3 Kh6 70. Ke2 Kh5 71. Rd1 g5 72.
Rh1+ Kg6 73. Rg1 Rf5 74. Ke3 Kh5 75. Rh1+ Kg4 76. Rg1+ Kh3 77. Ke4 Ra5 78. Rh1+
Kg2 79. Rh5 Ra4+ 80. Kf5 g4 81. Rh8 g3 0-1

[Event "BL 0607 SK König-Tegel - Hamburger SK"]
[Site "?"]
[Date "2007.02.03"]
[Round "8.4"]
[White "Muse, Drazen"]
[Black "Kempinski, Robert"]
[Result "1/2-1/2"]
[WhiteElo "2412"]
[BlackElo "2590"]
[PlyCount "25"]
[EventDate "2007.??.??"]

1. Nf3 Nf6 2. g3 g6 3. b3 Bg7 4. Bb2 O-O 5. Bg2 d6 6. d4 e5 7. dxe5 Ng4 8. h3
Nxe5 9. Nxe5 Bxe5 10. Bxe5 dxe5 11. Qxd8 Rxd8 12. Nd2 c6 13. O-O-O 1/2-1/2

[Event "BL 0607 SK König-Tegel - Hamburger SK"]
[Site "?"]
[Date "2007.02.03"]
[Round "8.5"]
[White "Mueller, Karsten Dr"]
[Black "Tomczak, Rainer"]
[Result "1/2-1/2"]
[WhiteElo "2500"]
[BlackElo "2323"]
[PlyCount "68"]
[EventDate "2007.??.??"]

1. e4 c5 2. Nf3 Nc6 3. d4 cxd4 4. Nxd4 Nf6 5. Nc3 e5 6. Ndb5 d6 7. Nd5 Nxd5 8.
exd5 Nb8 9. c4 Nd7 10. Be2 Be7 11. O-O O-O 12. Kh1 f5 13. f4 a6 14. Nc3 Bf6 15.
Be3 exf4 16. Bxf4 Ne5 17. Rc1 Bd7 18. Be3 Rc8 19. Qb3 Rf7 20. Bg1 g5 21. Qb4
Qf8 22. Na4 g4 23. Nb6 Bg5 24. Nxc8 Bxc8 25. c5 f4 26. cxd6 f3 27. Rxc8 Qxc8
28. Bd1 Qf8 29. gxf3 gxf3 30. Qe4 Qxd6 31. Bxf3 Rf4 32. Qe2 Nxf3 33. Rxf3 Qxd5
34. Kg2 Kf7 1/2-1/2

[Event "BL 0607 SK König-Tegel - Hamburger SK"]
[Site "?"]
[Date "2007.02.03"]
[Round "8.6"]
[White "Von Herman, Ulf"]
[Black "Reeh, Oliver"]
[Result "1-0"]
[WhiteElo "2364"]
[BlackElo "2445"]
[PlyCount "89"]
[EventDate "2007.??.??"]

1. d4 Nf6 2. c4 g6 3. Nc3 Bg7 4. e4 d6 5. h3 O-O 6. Bg5 c5 7. d5 e6 8. Bd3 exd5
9. exd5 Re8+ 10. Nge2 Nbd7 11. f4 a6 12. a4 h6 13. Bh4 Nf8 14. O-O Bd7 15. Ng3
N8h7 16. Nce4 Qb6 17. Nxf6+ Bxf6 18. Bxf6 Nxf6 19. Qc1 Kg7 20. a5 Qd8 21. Qc3
Re3 22. Kf2 Qe7 23. Rae1 Re8 24. Qd2 Rxe1 25. Rxe1 Qd8 26. Qc3 Rxe1 27. Kxe1
Kg8 28. Bc2 Bc8 29. Kf2 h5 30. Kf3 h4 31. Ne4 Nxe4 32. Bxe4 Bd7 33. Bc2 Qe7 34.
b4 Bf5 35. bxc5 Bxc2 36. Qxc2 dxc5 37. Qe4 Qd8 38. Qe1 Qd7 39. Qe5 Qa4 40. Kg4
Qxc4 41. d6 Qc2 42. Kg5 Kh7 43. Kf6 Qc4 44. d7 Qd3 45. Ke7 1-0

[Event "BL 0607 SK König-Tegel - Hamburger SK"]
[Site "?"]
[Date "2007.02.03"]
[Round "8.7"]
[White "Heinemann, Thies"]
[Black "Sarbok, Torsten"]
[Result "1-0"]
[WhiteElo "2453"]
[BlackElo "2325"]
[PlyCount "41"]
[EventDate "2007.??.??"]

1. e4 c6 2. d4 d5 3. exd5 cxd5 4. Bd3 Nc6 5. c3 g6 6. Bf4 Bg7 7. Nf3 a6 8. O-O
Bg4 9. Nbd2 Bxf3 10. Nxf3 e6 11. Re1 Nge7 12. h4 h5 13. Ng5 Nf5 14. Bxf5 gxf5
15. Qd3 Qf6 16. Qf3 Rd8 17. Re3 Qg6 18. Qe2 Kf8 19. Re1 Bh6 20. Nxe6+ fxe6 21.
Rxe6 1-0

[Event "BL 0607 SK König-Tegel - Hamburger SK"]
[Site "?"]
[Date "2007.02.03"]
[Round "8.8"]
[White "Pachow, Joerg"]
[Black "Sebastian, Dirk"]
[Result "0-1"]
[WhiteElo "2290"]
[BlackElo "2384"]
[PlyCount "154"]
[EventDate "2007.??.??"]

1. e4 e5 2. Nf3 Nc6 3. Bc4 Bc5 4. c3 Nf6 5. d3 a6 6. O-O d6 7. Bb3 Ba7 8. Nbd2
O-O 9. h3 h6 10. Re1 Nh5 11. Nf1 Qf6 12. N1h2 Nf4 13. Ng4 Qg6 14. Bxf4 exf4 15.
Nh4 Qg5 16. Nf5 Bxf5 17. exf5 Qxf5 18. d4 h5 19. Bc2 Qg5 20. Nh2 Rae8 21. Qd3
g6 22. Nf3 Qf6 23. Nd2 d5 24. Nf3 Bb8 25. b4 Ne7 26. Ne5 Rd8 27. Qf3 c6 28. Re2
Nc8 29. Rae1 Nb6 30. g3 Nc4 31. Qxf4 Qxf4 32. gxf4 Nd6 33. Kg2 Kg7 34. Kf3 Kf6
35. Rg1 Bc7 36. Rg5 a5 37. a3 Nb5 38. Bxg6 Nxc3 39. Re1 fxg6 40. Rxg6+ Ke7 41.
Rg7+ Kd6 42. Reg1 Ne4 43. R1g6+ Rf6 44. f5 axb4 45. axb4 Rxg6 46. Rxg6+ Ke7 47.
Rg7+ Kd6 48. Ke3 Nf6 49. Nf7+ Ke7 50. Nxd8+ Kxd8 51. Rf7 Nd7 52. Rh7 Nf6 53.
Rf7 Nd7 54. Rh7 Bd6 55. Rxh5 Bxb4 56. Rh8+ Bf8 57. h4 Ke7 58. Rh7+ Ke8 59. f3
b6 60. h5 c5 61. h6 Nf6 62. Rh8 Kf7 63. h7 Bh6+ 64. Kd3 c4+ 65. Kc3 Kg7 66. Rb8
Kxh7 67. Rxb6 Bg7 68. Rb7 Kh6 69. Ra7 Nh5 70. Rd7 Nf4 71. Rd6+ Kg5 72. Rd7 Bf6
73. Rd6 Kxf5 74. Rd7 Ke6 75. Ra7 Ne2+ 76. Kd2 Nxd4 77. Ke3 Nc6 0-1

[Event "BL 0607 SF Berlin - Solinger SG"]
[Site "?"]
[Date "2007.02.03"]
[Round "8.3"]
[White "Sandipan, Chanda"]
[Black "Miezis, Normunds"]
[Result "1-0"]
[WhiteElo "2550"]
[BlackElo "2529"]
[PlyCount "149"]
[EventDate "2007.??.??"]

1. e4 c5 2. Nf3 e6 3. d4 cxd4 4. Nxd4 a6 5. Bd3 Nc6 6. Nxc6 dxc6 7. Bf4 Ne7 8.
Bg3 c5 9. a4 Nc6 10. e5 Nb4 11. Be4 Qxd1+ 12. Kxd1 Be7 13. Nd2 O-O 14. c3 Nd5
15. Nc4 Bd7 16. a5 Rad8 17. Kc2 Bb5 18. Nd6 Bc6 19. f3 f6 20. Bxd5 Bxd5 21.
Rhe1 c4 22. Ra4 Bxd6 23. exd6 e5 24. Bf2 Rfe8 25. Bc5 Kf7 26. Raa1 g5 27. Rad1
Ke6 28. Re2 Rd7 29. Rde1 Rc8 30. Bb4 h5 31. Rd2 Rg8 32. Kb1 Bc6 33. Ka2 Kf5 34.
Rb1 Ke6 35. Ka3 Rc8 36. Rh1 g4 37. Rf1 gxf3 38. gxf3 Kf5 39. Bc5 Kf4 40. Bf2
Bxf3 41. Bh4 Rf8 42. h3 Rdf7 43. Kb4 Rc8 44. Rd5 Ke3 45. Re1+ Kf4 46. Rf1 Ke4
47. Rd2 Kf4 48. Rd5 Ke4 49. Rc5 Rd8 50. Rxc4+ Ke3 51. Rc7 Rxc7 52. dxc7 Rc8 53.
Bxf6 Rxc7 54. Bxe5 Rf7 55. Bd4+ Kd3 56. Kc5 Rf5+ 57. Kd6 Be4 58. Re1 Bg2 59.
Re3+ Kc4 60. Rg3 Bc6 61. b4 Rd5+ 62. Kc7 Kb5 63. h4 Rd7+ 64. Kc8 Rd5 65. Rg5
Kc4 66. Kc7 Kb5 67. Be5 Rd7+ 68. Kc8 Rd5 69. Rxh5 Be8 70. Rg5 Kc6 71. Bg3 Bd7+
72. Kd8 Bf5+ 73. Ke7 Rd7+ 74. Kf6 Rd3 75. Kxf5 1-0

[Event "BL 0607 SF Berlin - Solinger SG"]
[Site "?"]
[Date "2007.02.03"]
[Round "8.4"]
[White "Thiede, Lars"]
[Black "Naumann, Alexander"]
[Result "0-1"]
[WhiteElo "2504"]
[BlackElo "2542"]
[PlyCount "176"]
[EventDate "2007.??.??"]

1. g3 e5 2. c4 Nf6 3. Bg2 d5 4. cxd5 Nxd5 5. Nf3 Nc6 6. O-O Nb6 7. d3 Be7 8.
Nbd2 O-O 9. a3 a5 10. b3 Be6 11. Bb2 f6 12. Qc2 Qd7 13. Rfd1 Rfd8 14. Nc4 Qe8
15. Nfd2 Nd5 16. Ne3 Qf7 17. Rdc1 Rac8 18. Nxd5 Bxd5 19. Bxd5 Rxd5 20. Nc4 Bf8
21. Bc3 Ra8 22. Qb2 Re8 23. Rd1 b6 24. Ne3 Rd7 25. b4 axb4 26. axb4 Nd4 27. Qa2
Qxa2 28. Rxa2 Nb5 29. Be1 e4 30. dxe4 Rxd1 31. Nxd1 Rxe4 32. Rb2 Rc4 33. Rb1
Na3 34. Ne3 Rc6 35. Rd1 Nc2 36. Nxc2 Rxc2 37. e3 Kf7 38. Kg2 Ke6 39. Kf3 Rb2
40. Rd4 b5 41. g4 Bd6 42. h4 Rc2 43. h5 g6 44. hxg6 hxg6 45. Ke4 Be5 46. Rd3
Rc4+ 47. Kf3 Bd6 48. Rb3 Rc1 49. Bd2 Rd1 50. Bc3 Be7 51. Bd4 Rc1 52. e4 Rc4 53.
Bc3 Bd6 54. Ke3 g5 55. Kd3 Be5 56. Bd2 Rd4+ 57. Ke3 Rd8 58. Bc3 Bf4+ 59. Ke2
Ra8 60. Bd4 Ra2+ 61. Rb2 Rxb2+ 62. Bxb2 Be5 63. Ba3 Bd4 64. f3 Bg1 65. Bb2 c5
66. bxc5 Bxc5 67. Kd3 Bd6 68. Bc3 Be5 69. Ba5 Kd6 70. Bb4+ Kc6 71. Be7 Kb6 72.
Kc2 Bd4 73. Kb3 Kc6 74. Ba3 Kd7 75. Kb4 Kc6 76. Kb3 Be5 77. Bb4 Kd7 78. Bc5 Bd6
79. Bd4 Ke6 80. Kc2 Be5 81. Bb6 Ba1 82. Kd3 Kd6 83. Ba7 Be5 84. Kc2 Kc6 85. Kb3
Bd6 86. Bd4 Be7 87. Kc3 Kd7 88. Kb3 Ke6 0-1

[Event "BL 0607 SF Berlin - Solinger SG"]
[Site "?"]
[Date "2007.02.03"]
[Round "8.5"]
[White "Hoffmann, Michael"]
[Black "Berndt, Stephan"]
[Result "1-0"]
[WhiteElo "2477"]
[BlackElo "2445"]
[PlyCount "119"]
[EventDate "2007.??.??"]

1. d4 Nf6 2. c4 e6 3. Nf3 b6 4. g3 Ba6 5. b3 Bb4+ 6. Bd2 Be7 7. Bg2 c6 8. Bc3
d5 9. Nbd2 Nbd7 10. O-O O-O 11. Re1 Bb7 12. e4 dxe4 13. Ng5 c5 14. Ndxe4 cxd4
15. Bxd4 Qc7 16. Nxf6+ Bxf6 17. Bxb7 Qxb7 18. Ne4 Bxd4 19. Qxd4 Qc7 20. Rad1
Ne5 21. Ng5 Ng6 22. Qe4 Rfd8 23. h4 Nf8 24. Nf3 Rxd1 25. Rxd1 Rd8 26. Rxd8 Qxd8
27. Kg2 f6 28. b4 Qd6 29. a3 e5 30. Qb7 Qd7 31. Qa8 Kf7 32. Qe4 h6 33. h5 Ne6
34. Qa8 Ng5 35. Nxg5+ hxg5 36. Qe4 Qe7 37. Qd5+ Kf8 38. c5 bxc5 39. bxc5 e4 40.
Qa8+ Kf7 41. Qd5+ Kf8 42. c6 e3 43. Qc4 e2 44. c7 e1=Q 45. c8=Q+ Qe8 46. Q4c5+
Kg8 47. Qxe8+ Qxe8 48. Qxa7 Qe4+ 49. Kg1 f5 50. Qe3 Qb1+ 51. Kh2 Qc2 52. Kg2
Qc6+ 53. Kg1 f4 54. gxf4 gxf4 55. Qxf4 Qc5 56. Qf3 Qg5+ 57. Kf1 Kh8 58. Qa8+
Kh7 59. Qe4+ Kh8 60. Qe8+ 1-0

[Event "BL 0607 SF Berlin - Solinger SG"]
[Site "?"]
[Date "2007.02.03"]
[Round "8.6"]
[White "Borriss, Martin Dr"]
[Black "Ernst, Sipke"]
[Result "0-1"]
[WhiteElo "2455"]
[BlackElo "2512"]
[PlyCount "72"]
[EventDate "2007.??.??"]

1. e4 c6 2. d4 d5 3. e5 Bf5 4. Be3 e6 5. Nd2 Nd7 6. Nb3 Ne7 7. Be2 h6 8. f4 Bh7
9. Nf3 Qb6 10. O-O Nf5 11. Bf2 g5 12. fxg5 hxg5 13. Nxg5 Bg6 14. Bd3 Bh6 15.
Qg4 Rg8 16. h4 O-O-O 17. Qf4 Rg7 18. Be1 Qc7 19. Ba5 b6 20. Bd2 Rdg8 21. g3 c5
22. dxc5 bxc5 23. Ba6+ Kb8 24. c4 Bxg5 25. hxg5 Ne7 26. Bb5 Nb6 27. cxd5 Nexd5
28. Qf2 c4 29. Na5 Rh7 30. Qd4 Rgh8 31. Rac1 Bd3 32. Rfd1 Rh1+ 33. Kg2 R8h2+
34. Kf3 Be2+ 35. Ke4 f5+ 36. exf6 Rh4+ 0-1

[Event "BL 0607 SF Berlin - Solinger SG"]
[Site "?"]
[Date "2007.02.03"]
[Round "8.7"]
[White "Zysk, Robert"]
[Black "Kraemer, Martin"]
[Result "0-1"]
[WhiteElo "2468"]
[BlackElo "2435"]
[PlyCount "88"]
[EventDate "2007.??.??"]

1. Nf3 Nf6 2. c4 e6 3. g3 d5 4. Bg2 Be7 5. O-O O-O 6. b3 c5 7. Bb2 Nc6 8. cxd5
Nxd5 9. Na3 b6 10. Nc4 Bb7 11. Rc1 b5 12. Nce5 Nxe5 13. Nxe5 f6 14. Nd3 Qb6 15.
e4 Nc7 16. Qe2 Rfd8 17. Rfd1 e5 18. Bh3 Ba6 19. Qe3 c4 20. Qxb6 axb6 21. Ne1
Bb7 22. bxc4 b4 23. Ra1 Bxe4 24. d3 Bc6 25. Rd2 Bc5 26. Kf1 Ra4 27. Nc2 Rda8
28. d4 exd4 29. Nxd4 Be8 30. Ne6 Nxe6 31. Bxe6+ Kf8 32. Bd5 R8a7 33. Re1 Rxa2
34. Kg2 b3 35. Ree2 Re7 36. Rxe7 Kxe7 37. Bg8 Bg6 38. Re2+ Kd7 39. Be6+ Kd6 40.
Bg8 Bc2 41. Rd2+ Kc7 42. Bc3 b2 43. Bxb2 Rxb2 44. Bxh7 Be4+ 0-1

[Event "BL 0607 SF Berlin - Solinger SG"]
[Site "?"]
[Date "2007.02.03"]
[Round "8.8"]
[White "Schneider, Ilja"]
[Black "Drabke, Lorenz Maximilian"]
[Result "1-0"]
[WhiteElo "2368"]
[BlackElo "2391"]
[PlyCount "81"]
[EventDate "2007.??.??"]

1. e4 c5 2. Nf3 e6 3. d4 cxd4 4. Nxd4 a6 5. Nc3 Qc7 6. Bd3 Nc6 7. Be3 b5 8.
Nxc6 Qxc6 9. O-O Bb7 10. f3 Bc5 11. Qe1 Ne7 12. a4 b4 13. Na2 Qb6 14. Bxc5
Qxc5+ 15. Qf2 Qxf2+ 16. Rxf2 Nc6 17. c3 bxc3 18. b4 Ke7 19. Rc1 Rhc8 20. a5 Ne5
21. Bf1 d5 22. exd5 Bxd5 23. Nxc3 Bc4 24. f4 Ng4 25. Rf3 Bxf1 26. Rcxf1 Rc4 27.
f5 Rac8 28. Ne2 e5 29. h3 Nf6 30. Rb1 Ne4 31. Re3 Rb8 32. Nc1 f6 33. Nd3 Nd6
34. Rf1 Rc3 35. Nxe5 Rxe3 36. Nc6+ Kd7 37. Nxb8+ Kc7 38. Nxa6+ Kc6 39. Rc1+ Kb5
40. Nc7+ Ka4 41. Ra1+ 1-0

[Event "BL 0607 Bindl-Aktionär - SV Wattenschei"]
[Site "?"]
[Date "2007.02.03"]
[Round "8.1"]
[White "Eljanov, Pavel"]
[Black "Naiditsch, Arkadij"]
[Result "1-0"]
[WhiteElo "2658"]
[BlackElo "2676"]
[PlyCount "85"]
[EventDate "2007.??.??"]

1. d4 Nf6 2. c4 e6 3. Nc3 Bb4 4. Qc2 O-O 5. a3 Bxc3+ 6. Qxc3 b6 7. Bg5 Bb7 8.
e3 d6 9. Ne2 Nbd7 10. Qc2 c5 11. Rd1 Qe7 12. Nc3 h6 13. Bh4 cxd4 14. Rxd4 Rfd8
15. f3 Nf8 16. Be2 Ng6 17. Bf2 d5 18. cxd5 Nxd5 19. Nxd5 Bxd5 20. O-O e5 21.
Rdd1 Qe6 22. Ba6 Bb3 23. Rxd8+ Rxd8 24. Qc3 Ba4 25. Rc1 e4 26. f4 b5 27. Qa5
Rd5 28. Bb7 Rd3 29. Qxa7 Kh7 30. h3 f5 31. Bc8 Qf6 32. Rc7 Rd1+ 33. Kh2 Rf1 34.
Bxf5 Rxf2 35. Bxe4 Rd2 36. Rf7 Qxb2 37. Qb6 Rxg2+ 38. Bxg2 Nh4 39. Qc6 Bc2 40.
Rf8 Bd3 41. Qa8 Ng6 42. Re8 Bf1 43. f5 1-0

[Event "BL 0607 Bindl-Aktionär - SV Wattenschei"]
[Site "?"]
[Date "2007.02.03"]
[Round "8.3"]
[White "Johannessen, Leif Erlend"]
[Black "Baklan, Vladimir"]
[Result "1/2-1/2"]
[WhiteElo "2551"]
[BlackElo "2622"]
[PlyCount "109"]
[EventDate "2007.??.??"]

1. d4 Nf6 2. c4 e6 3. Nc3 Bb4 4. Qc2 O-O 5. a3 Bxc3+ 6. Qxc3 d6 7. Bg5 Nbd7 8.
e3 h6 9. Bh4 b6 10. Nf3 Bb7 11. Nd2 Rc8 12. f3 c5 13. dxc5 Rxc5 14. b4 Rc7 15.
Qb2 Qe7 16. Be2 Rfc8 17. O-O e5 18. Rac1 Qe6 19. Rfd1 d5 20. cxd5 Nxd5 21. Bc4
b5 22. Bb3 Qb6 23. Rxc7 Rxc7 24. Bf2 Nc3 25. e4 Qd6 26. Re1 Na4 27. Qa2 Ndb6
28. Nf1 Bc8 29. Rd1 Qe7 30. Bxa4 Nxa4 31. Ne3 Be6 32. Nd5 Qd8 33. Qa1 Bxd5 34.
Rxd5 Qc8 35. Bc5 Nxc5 36. bxc5 Rxc5 37. Qxe5 Rxd5 38. Qxd5 Qc1+ 39. Kf2 Qxa3
40. Qxb5 Qa2+ 41. Kg3 a5 42. h4 a4 43. h5 a3 44. Qc5 f6 45. Qc3 Kh7 46. Qd3 Kh8
47. Qc3 f5 48. exf5 Qb2 49. Qc8+ Kh7 50. Qa6 Qe5+ 51. Kg4 Qf6 52. Qxa3 Qg5+ 53.
Kh3 Qxh5+ 54. Kg3 Qxf5 55. Qe7 1/2-1/2

[Event "BL 0607 Bindl-Aktionär - SV Wattenschei"]
[Site "?"]
[Date "2007.02.03"]
[Round "8.4"]
[White "Baramidze, David"]
[Black "Bartel, Mateusz"]
[Result "1-0"]
[WhiteElo "2585"]
[BlackElo "2569"]
[PlyCount "49"]
[EventDate "2007.??.??"]

1. e4 e5 2. Nf3 Nc6 3. Bb5 a6 4. Ba4 Nf6 5. O-O Bc5 6. c3 b5 7. Bc2 d5 8. d4
dxe4 9. dxe5 Qxd1 10. Rxd1 Bxf2+ 11. Kf1 exf3 12. exf6 Bc5 13. fxg7 fxg2+ 14.
Kxg2 Rg8 15. Bh6 Ne5 16. Bxh7 Ng4 17. Bxg8 Nxh6 18. Bh7 Bb7+ 19. Kh3 Ke7 20.
Nd2 f5 21. Nb3 Be3 22. Nd4 Be4 23. g8=Q Rxg8 24. Bxg8 c5 25. Bd5 1-0

[Event "BL 0607 Bindl-Aktionär - SV Wattenschei"]
[Site "?"]
[Date "2007.02.03"]
[Round "8.5"]
[White "Czarnota, Pawel"]
[Black "Prusikin, Michael"]
[Result "1-0"]
[WhiteElo "2554"]
[BlackElo "2560"]
[PlyCount "81"]
[EventDate "2007.??.??"]

1. e4 e6 2. d4 d5 3. Nc3 Nf6 4. Bg5 dxe4 5. Nxe4 Nbd7 6. Nf3 h6 7. Nxf6+ Nxf6
8. Be3 Nd5 9. Qd2 Bd6 10. Bd3 Bd7 11. O-O-O Qe7 12. Kb1 O-O-O 13. Rhe1 Kb8 14.
Qe2 Nxe3 15. Qxe3 Bc6 16. Be4 Bxe4 17. Qxe4 Qf6 18. Rd3 Qf4 19. Qe2 Rd7 20. Rb3
c6 21. a3 Rhd8 22. Ka2 Bc7 23. c4 g5 24. h3 h5 25. g3 Qf5 26. g4 hxg4 27. hxg4
Qf4 28. c5 Kc8 29. Qc4 Qxg4 30. Rg1 Qe4 31. Rxg5 Rh8 32. Qb4 Bf4 33. Rg4 f5 34.
Ng5 Qc2 35. Rxf4 Rh1 36. Rc3 Qb1+ 37. Kb3 e5 38. dxe5 Rd2 39. Ka4 Rxb2 40. Rb3
Rxb3 41. Qxb3 1-0

[Event "BL 0607 Bindl-Aktionär - SV Wattenschei"]
[Site "?"]
[Date "2007.02.03"]
[Round "8.6"]
[White "Bischoff, Klaus"]
[Black "Appel, Ralf"]
[Result "1/2-1/2"]
[WhiteElo "2533"]
[BlackElo "2507"]
[PlyCount "53"]
[EventDate "2007.??.??"]

1. d4 e6 2. c4 Bb4+ 3. Bd2 a5 4. a3 Bxd2+ 5. Qxd2 f5 6. g3 Nf6 7. Bg2 O-O 8.
Nf3 d6 9. O-O Nbd7 10. Rd1 Ne4 11. Qc2 Qe8 12. Nbd2 Nxd2 13. Nxd2 e5 14. dxe5
dxe5 15. c5 Nf6 16. Qb3+ Qf7 17. Qxf7+ Kxf7 18. e4 f4 19. Nc4 Re8 20. Rac1 g5
21. gxf4 gxf4 22. f3 Bd7 23. Bf1 Re7 24. Kf2 Kf8 25. Be2 Be8 26. Rg1 h6 27. Nd2
1/2-1/2

[Event "BL 0607 Bindl-Aktionär - SV Wattenschei"]
[Site "?"]
[Date "2007.02.03"]
[Round "8.8"]
[White "Markos, Jan"]
[Black "Dinstuhl, Volkmar Dr"]
[Result "1-0"]
[WhiteElo "2538"]
[BlackElo "2426"]
[PlyCount "77"]
[EventDate "2007.??.??"]

1. d4 Nf6 2. c4 g6 3. Nc3 Bg7 4. e4 d6 5. Nf3 O-O 6. Be2 e5 7. d5 Na6 8. Bg5
Qe8 9. Nd2 c6 10. g4 h6 11. Be3 Nh7 12. h4 Qe7 13. Nf1 f5 14. gxf5 gxf5 15.
exf5 Bxf5 16. Ng3 Kh8 17. Qd2 cxd5 18. Nxf5 Rxf5 19. Nxd5 Qf8 20. O-O-O Nf6 21.
Nc3 d5 22. cxd5 Nc5 23. Qc2 e4 24. Rhg1 Rc8 25. Kb1 a6 26. Rg6 b5 27. Rdg1 Rc7
28. d6 Qxd6 29. Bxh6 Bxh6 30. Rxh6+ Rh7 31. Nxe4 Qh2 32. Rxh7+ Nxh7 33. Rc1
Nxe4 34. Qxe4 Rxf2 35. Qd4+ Nf6 36. Rc8+ Kg7 37. Qa7+ Kg6 38. Bd3+ Kh5 39. Qc5+
1-0

[Event "BL 0607 SF Katernberg - SG Köln Porz"]
[Site "?"]
[Date "2007.02.03"]
[Round "8.1"]
[White "Vaganian, Rafael A"]
[Black "Volokitin, Andrei"]
[Result "1/2-1/2"]
[WhiteElo "2587"]
[BlackElo "2645"]
[PlyCount "24"]
[EventDate "2007.??.??"]

1. d4 Nf6 2. c4 g6 3. g3 c6 4. Nf3 d5 5. Nbd2 Bg7 6. Bg2 O-O 7. O-O a5 8. b3
Ne4 9. Bb2 a4 10. bxa4 Nc5 11. a5 Rxa5 12. Nb3 Nxb3 1/2-1/2

[Event "BL 0607 SF Katernberg - SG Köln Porz"]
[Site "?"]
[Date "2007.02.03"]
[Round "8.3"]
[White "Van Wely, Loek"]
[Black "Erenburg, Sergey"]
[Result "1-0"]
[WhiteElo "2676"]
[BlackElo "2582"]
[PlyCount "77"]
[EventDate "2007.??.??"]

1. d4 d5 2. c4 c6 3. Nf3 Nf6 4. e3 Bf5 5. Nc3 e6 6. Nh4 Bg6 7. Nxg6 hxg6 8. a3
Nbd7 9. g3 a6 10. b4 Be7 11. c5 e5 12. Bd3 exd4 13. exd4 Nf8 14. Ra2 Ne6 15.
Ne2 Qd7 16. Kf1 g5 17. Bf5 g6 18. Bxe6 Qxe6 19. Bxg5 Qg4 20. Bxf6 Bxf6 21. Qd3
Qh3+ 22. Kg1 Kf8 23. Nf4 Qh6 24. h3 Re8 25. Re2 Kg7 26. Kg2 Bg5 27. Rxe8 Rxe8
28. Ne2 Bf6 29. Rd1 Re4 30. Qf3 Qh8 31. Rd3 a5 32. Re3 axb4 33. axb4 Rxe3 34.
Qxe3 Qa8 35. Qd2 Qa6 36. Ng1 Qa1 37. Nf3 Qb1 38. g4 Kf8 39. Qf4 1-0

[Event "BL 0607 SF Katernberg - SG Köln Porz"]
[Site "?"]
[Date "2007.02.03"]
[Round "8.4"]
[White "Chuchelov, Vladimir"]
[Black "Timman, Jan H"]
[Result "1-0"]
[WhiteElo "2539"]
[BlackElo "2565"]
[PlyCount "99"]
[EventDate "2007.??.??"]

1. Nf3 Nf6 2. c4 e6 3. Nc3 d5 4. d4 Nbd7 5. cxd5 exd5 6. Bg5 c6 7. e3 Be7 8.
Qc2 O-O 9. Bd3 Re8 10. h3 Nf8 11. Bf4 Bd6 12. Bxd6 Qxd6 13. O-O-O a5 14. Kb1
Qb4 15. g4 a4 16. a3 Qa5 17. Rc1 N6d7 18. g5 b6 19. h4 Ba6 20. Bxa6 Qxa6 21. h5
g6 22. Ne2 c5 23. Nc3 Qb7 24. Qd1 c4 25. Nh2 Qc6 26. Qf3 Ra5 27. Ng4 Qe6 28.
Rh4 Qf5+ 29. Qxf5 gxf5 30. Nh6+ Kg7 31. Nxf5+ Kg8 32. Nh6+ Kg7 33. Rf4 f6 34.
Nf5+ Kh8 35. g6 hxg6 36. hxg6 Nxg6 37. Rg4 Ndf8 38. Rh1+ Kg8 39. Rh6 Rd8 40.
Rhxg6+ Nxg6 41. Rxg6+ Kf7 42. Rg7+ Ke6 43. Ng3 Kd6 44. Rf7 Ke6 45. Rb7 Ra6 46.
Nh5 Kf5 47. Nf4 Kg4 48. Rg7+ Kf3 49. Nd1 Ke4 50. Rg3 1-0